| 000 | 00551nam a2200193Ia 4500 | ||
|---|---|---|---|
| 003 | IN-BaIIA | ||
| 008 | 211028s9999 xx 000 0 eng d | ||
| 020 | _a978-1-4614-7207-0 | ||
| 040 | _cIIA Library | ||
| 080 |
_a523.41(084.4) _bMER |
||
| 245 | 0 |
_aMercury _cedited by T. J. Mahoney |
|
| 260 |
_aNew York _bSpringer _c2014 |
||
| 300 | _axxxv, 328p. | ||
| 650 |
_aMercury (Planet) - gazetteers _936335 |
||
| 650 |
_aMercury (Planet) - nomenclature _936336 |
||
| 650 |
_aScience - astronomy _936158 |
||
| 700 | _aMahoney, T. J., ed. | ||
| 942 | _cBK | ||
| 999 |
_c19031 _d19031 |
||